FIFA 19 Top 10 Premier League Right Wingers - Statistics

General Stats
  • This quiz has been taken 146 times
  • The average score is 7 of 10
Answer Stats
Rank Player Team OVA % Correct
1 Mohamed Salah Liverpool 88
100%
3 Raheem Sterling Manchester City 85
91%
2 Riyad Mahrez Manchester City 85
87%
4 Bernardo Silva Manchester City 84
76%
5 Willian Chelsea 84
74%
7 Lucas Tottenham Hotspur 82
62%
8 Pedro Chelsea 82
57%
6 Juan Mata Manchester United 83
48%
10 Xherdan Shaqiri Liverpool 81
46%
9 Deulofeu Watford 81
29%
No matching quizzes found
Score Distribution
Percent of People with Each Score
Percentile by Number Answered
Your Score History
You have not taken this quiz